| 000 | 00361nam a2200133Ia 4500 | ||
|---|---|---|---|
| 008 | 220217s9999||||xx |||||||||||||| ||und|| | ||
| 020 | _a0-07-463743-6 | ||
| 082 | _a4.65 | ||
| 100 | _aDaniel, Minoli | ||
| 245 | 0 | _aInternet & Internet engineering | |
| 260 |
_aTata mcgraw hill company Ltd _bNew Delhi _c1999 |
||
| 300 | _b140 | ||
| 650 | _aCOMPUTER NETWORK | ||
| 999 |
_c170398 _d170398 |
||